000 00653cam a2200217 i 4500
001 3358
003 CO-MdBIC
040 _bspa.
082 0 4 _aG 230.2 B673s
100 1 _aBoettner, Loraine (1901-)
245 1 0 _aRoman catholicism / Loraine Boettner
264 1 _aLondon, Great Britain :
_bThe Banner of Truth Trust
_c[1962]
264 4 _c©1962
300 _a559 Pag
336 _atexto
_btxt
_2rdacontent
337 _2rdamedia
_asin mediación
_bn
338 _2rdacarrier
_avolumen
_bnc
650 1 4 _aIGLESIA CATOLICA - OBRAS POLEMICAS - AUTORES PROTESTANTES
690 _aIGLESIA CATOLICA - OBRAS POLEMICAS - AUTORES PROTESTANTES
942 _cBK
999 _c34035
_d34035